Länder, die am nächsten an Belgien liegen - Statistiken

Allgemein
  • Dieses Quiz wurde 204 mal gespielt
  • Das Durchschnittsergebnis liegt bei 18 aus 20
Antwortstatistiken
km Land % Korrekt
0 Deutschland
100%
0 Frankreich
100%
0 Luxemburg
100%
0 Niederlande
100%
254 Schweiz
100%
450 Dänemark
97%
357 Österreich
97%
595 Polen
97%
404 Tschechien
97%
372 Liechtenstein
94%
80 Vereinigtes Königreich
94%
658 Schweden
93%
426 Italien
92%
734 Norwegen
92%
622 Irland
88%
785 Slowakei
86%
657 Monaco
83%
668 Slowenien
81%
799 San Marino
74%
731 Kroatien
72%
Keine übereinstimmenden Quizze gefunden
Verteilung der Resultate
Anzahl Personen mit jedem Resultat
Perzentil nach korrekt beantworteten Fragen
Ihre Resultats-Entwicklung
Sie haben dieses Quiz noch nicht gespielt